| 000 | 01346nam a2200409 a 4500 | ||
|---|---|---|---|
| 001 | 20460 | ||
| 003 | VRT | ||
| 005 | 20260122143104.0 | ||
| 008 | 000507s1995 xo gr 000 d slo c | ||
| 020 |
_a8088834309 _c25.00 SK |
||
| 035 | _aSAVUKc049318 | ||
| 039 | 9 |
_a200809190904 _bmknkjs01 |
|
| 040 |
_aSAVUK _bslo _cSNK _eAACR2 |
||
| 041 | 1 |
_aslo _heng |
|
| 044 |
_axo _cSK |
||
| 080 | _a840-2(082.2) | ||
| 100 | 1 |
_aCorneille, Pierre, _d1606-1684 |
|
| 245 | 1 | 0 |
_aCid. Faidra _cPierre Corneille, Jean Racine ; preklad Jozef Felix |
| 260 |
_aRohovce _bInterpopulart Slovakia _c[1995] |
||
| 300 | _a127 s | ||
| 490 | 1 |
_aŠtudentská knižnica : Študentská knižnica _v31 |
|
| 500 | _aVyšlo s: Faidra Jeana Racina. | ||
| 505 | 1 | _aFaidra/ Jean Racine | |
| 700 | 1 |
_aRacine, Jean _4aut |
|
| 777 | 0 |
_tFaidra _aRacine, Jean _w0023698 |
|
| 830 | 0 |
_aŠtudentská knižnica : Študentská knižnica _v31 |
|
| 910 | _asavuk | ||
| 910 | _aknkjs | ||
| 942 |
_2ddc _cKLDO _n0 |
||
| 949 |
_62889001867 _asavukM 94116 |
||
| 949 |
_63912002888 _aknkjsdo/B _bknkjs2008/245915 |
||
| 949 |
_63912002892 _aknkjsdo/B _bknkjs2008/260607 |
||
| 949 |
_63912002889 _aknkjsdo/B _bknkjs2008/245914 |
||
| 949 |
_63912002890 _aknkjsdo/B _bknkjs2008/244310 |
||
| 949 |
_63912002891 _aknkjsdo/B _bknkjs2008/262388 |
||
| 949 |
_63912002887 _aknkjsdo/B _bknkjs2008/262389 |
||
| 999 |
_c20460 _d20460 |
||